Manual del inquilino.

में बचाया:
ग्रंथसूची विवरण
निगमित लेखक: Unión de Vecinos de la Colonia Guerrero
स्वरूप: पुस्तक
भाषा:स्पेनिश
विषय:
टैग: टैग जोड़ें
कोई टैग नहीं, इस रिकॉर्ड को टैग करने वाले पहले व्यक्ति बनें!

MARC

LEADER 00000cam^a2200000uu^4500
001 000473208
005 20250521000000.0
008 050901s1984^^^^^^^^^^^^rc^r^^000^0^spa^d
009 20260310124708.622
035 |a FCE 000016043 
035 |a FCE 011921 
037 |a Acervo ITESO - Biblioteca 
041 |a spa 
082 0 4 |a 307.76  |b UNIm 
110 |a Unión de Vecinos de la Colonia Guerrero 
245 1 0 |a Manual del inquilino. 
264 |a México :  |b UVCG,  |c 1984. 
300 |a 42 p. 
336 |a texto  |b txt  |2 rdacontenido 
337 |a sin mediación  |b n  |2 rdamedio 
338 |a volumen  |b nc  |2 rdasoporte 
649 |a XX 
650 |a Vivienda 
650 |a Arrendamiento 
650 |a Arrendatario 
910 |a Fondo Centro de Estudios Educativos 
920 |a Impresos - Libros 
930 |a Fondos Especiales 
905 |a 133 
901 |a ALE011921  |b IT2  |c CEE  |u 20250521 
902 |a https://opac.biblio.iteso.mx/vufind/Record/000473208